U.S. Cities by Letter - G (Map Quiz) - Statistics

General Stats
  • This quiz has been taken 1,060 times
  • The average score is 11 of 15
Answers on the Map
Answers color-coded by a green-red scale on the quiz's map according to % correct below.
 
Answer Stats
Answer % Correct
Gettysburg
89%
Green Bay
87%
Gary
85%
Grand Rapids
85%
Galveston
84%
Greensboro
84%
Gulfport
79%
Gainesville
77%
Grand Junction
66%
Gilbert
64%
Garland
63%
Grand Forks
56%
Great Falls
55%
Gillette
52%
Grand Island
45%
No matching quizzes found
Score Distribution
Percent of People with Each Score
Percentile by Number Answered
Your Score History
You have not taken this quiz